Lieder von Led Zeppelin - Sudden death - Statistiken

Allgemein
  • Dieses Quiz wurde 16 mal gespielt
  • Das Durchschnittsergebnis liegt bei 10 aus 20
Answers on the Grid
Answers color-coded by a green-red scale on the quiz's grid according to % correct below.
Achilles Last Stand
All My Love
Black Dog
Bohemian Rhapsody
Celebration Day
Come As You Are
Communication Breakdown
D'yer Mak'er
Going To California
Good Times Bad Times
Heartbreaker
Highway To Hell
Houses Of The Holy
Immigrant Song
Iron Man
Kashmir
Knockin' On Heaven's Door
Over the Hills and Far Away
Ramble On
Rock and Roll
Rock You Like A Hurricane
Seven Seas Of Rhye
Since I've Been Loving You
Stairway to Heaven
Tangerine
Welcome To The Jungle
When the Levee Breaks
Whole Lotta Love
Wish You Were Here
You Give Love A Bad Name
 
Antwortstatistiken
Antwort % Korrekt
Immigrant Song
100%
Kashmir
87%
Stairway to Heaven
87%
Whole Lotta Love
80%
Black Dog
60%
When the Levee Breaks
60%
Good Times Bad Times
53%
Ramble On
53%
Achilles Last Stand
47%
All My Love
47%
Celebration Day
47%
Communication Breakdown
47%
Heartbreaker
47%
D'yer Mak'er
40%
Houses Of The Holy
40%
Tangerine
40%
Over the Hills and Far Away
33%
Rock and Roll
27%
Since I've Been Loving You
27%
Going To California
20%
Keine übereinstimmenden Quizze gefunden
Verteilung der Resultate
Anzahl Personen mit jedem Resultat
Perzentil nach korrekt beantworteten Fragen
Ihre Resultats-Entwicklung
Sie haben dieses Quiz noch nicht gespielt